Statistiques concernant Devinez le Pays Mystère #44

Cliquez ici pour prendre le quiz!

Statistiques générales

  • Ce quiz a été pris 439 fois
  • Le résultat moyen est 9 sur 13

Statistiques - réponses

Type de RéponseRéponse% Correct
Lettre TrouvéeE
100%
Lettre TrouvéeA
98%
Lettre Bien PlacéeE
98%
Lettre TrouvéeI
95%
Lettre Bien PlacéeI
87%
Lettre TrouvéeB
65%
Lettre Bien PlacéeA
59%
Lettre TrouvéeG
50%
Lettre TrouvéeM
49%
Lettre Bien PlacéeB
47%
Lettre Bien PlacéeG
44%
Lettre Bien PlacéeM
44%
Pays MystèreGambie
42%

Distribution des résultats

Percentile par nombre de réponses

% des personnes avec chaque résultat

Votre développement - résultats

Vous n’avez pas pris ce quiz